[Event "Runavik op"]
[Site "Runavik"]
[Date "2016.11.25"]
[Round "6"]
[White "Mortensen, Rogvi"]
[Black "Kakulidis, Ellen"]
[Result "1/2-1/2"]
[WhiteElo "1871"]
[BlackElo "1877"]
[PlyCount "64"]
[EventDate "2016.11.21"]
[EventType "swiss"]
[EventRounds "9"]
[EventCountry "FAI"]
[SourceTitle "CBM 175 Extra"]
[Source "ChessBase"]
[SourceDate "2016.12.12"]
[SourceVersion "1"]
[SourceVersionDate "2016.12.12"]
[SourceQuality "1"]

1. d4 e6 2. c4 Nf6 3. Nc3 Bb4 4. f3 c5 5. d5 b5 6. e4 bxc4 7. Bxc4 0-0 8. Nge2 Ba6 9. Bxa6 Nxa6 10. 0-0 d6 11. Bg5 c4 12. Kh1 Bxc3 13. bxc3 exd5 14. exd5 Nc7 15. Qd4 Ncxd5 16. Rfd1 Qa5 17. Qxc4 Nb6 18. Qh4 Nfd5 19. c4 Rfe8 20. Ng3 Ne3 21. Bxe3 Rxe3 22. Ne4 d5 23. cxd5 Nd7 24. Qe7 Qa4 25. Nf6+ Nxf6 26. Qxe3 Re8 27. Qd4 Re1+ 28. Rxe1 Qxd4 29. Rad1 Qa4 30. d6 h6 31. Rd2 Kh7 32. h3 Qc6 1/2-1/2